| 000 | 00914cas a22002054i 4500 | ||
|---|---|---|---|
| 999 |
_c54605 _d54605 |
||
| 001 | 768714001 | ||
| 003 | CO-MdFUSB | ||
| 005 | 20240618062718.0 | ||
| 008 | 180821s1991 xxu||||| |||| 00| 0 eng d | ||
| 040 |
_aCO-MdFUSB _bspa _cCO-MdFUSB _dCO-MdFUSB |
||
| 041 | _aeng | ||
| 100 | 1 |
_aCook, Guillermo _eautor |
|
| 245 | 1 | 0 |
_a1992. Ready or not : _bamong groups noting the significance of 1992, Latin evangelicals plan a major congress on evangelism, CLADE III |
| 300 |
_aVolumen 71. Número 3 (1991), páginas 18-19 _c: 28 cm |
||
| 520 | _aEste artículo hace referencia al CLADE lll (Tercer Congreso Latinoamericano de Evangelización) que se llevo a cabo en el año 1992 en Costa Rica y de la participación de otros países. | ||
| 546 | _aTexto en inglés | ||
| 650 | 0 |
_aMisiones _9154 |
|
| 773 | 0 |
_tLatin America Evangelist _049466 _960815 _gVolumen 71. Número 3 (1991), páginas 18-19 _qPágina 18 |
|
| 942 | _cANA | ||